| 000 | 00806nam a22002177a 4500 | ||
|---|---|---|---|
| 999 |
_c13924 _d13924 |
||
| 003 | AR-CdUCM | ||
| 008 | 190417b ||||| |||| 00| 0 spa d | ||
| 040 |
_aMUNICIPALIDAD PROVINCIAL DEL CUSCO _cBIBLIOTECA MUNICIPAL DEL CUSCO |
||
| 082 |
_a869.103 / _bR81 |
||
| 100 |
_aRomo, Marta _932542 |
||
| 245 | _aPor el agua Van las Niñas / | ||
| 260 |
_aMéxico D. F. : _bConcejo Nacional de Fomento Educativo, _c1987. |
||
| 300 |
_a46 páginas ; _bIlustraciones, fotografías, _c21 cm. |
||
| 440 |
_aLibros del rincón _928143 |
||
| 505 | _aContenido: Me llamo "fulana", pero adivina quien soy -- Galeano -- Alas de petate -- Porfirio y la resortera ... | ||
| 650 |
_aLiteratura Latinoamericana _9799 |
||
| 650 |
_aSiglo XX _98 |
||
| 650 |
_aCuentos _9217 |
||
| 942 |
_2ddc _cLIBROS |
||
| 945 |
_acmm _d2019-04-17 |
||